Porovnanie metód umelej inteligencie na rozpoznávanie rukou písaných číslic
Saved in:
| Main Author: | |
|---|---|
| Other Authors: | |
| Format: | Manuscript Book |
| Language: | Slovak |
| Published: |
Bratislava :
STU v Bratislave FEI,
2022
|
| Subjects: | |
| Online Access: | https://opac.crzp.sk/?fn=detailBiblioFormChildI1BOC0&sid=85CE14C1EED0152B7937DD9735B2&seo=CRZP-detail-kniha |
| Tags: |
No Tags, Be the first to tag this record!
|
MARC
| LEADER | 00000ntm a22000003a 4500 | ||
|---|---|---|---|
| 001 | stuzp87031 | ||
| 003 | SK-STU | ||
| 005 | 20230324141842.0 | ||
| 007 | ta | ||
| 008 | 150427s2015----xo-----f-mn---000-0-slo-d | ||
| 040 | |a STU |b slo | ||
| 041 | 0 | |a slo | |
| 044 | |a xo | ||
| 100 | 1 | |a Mikuš, Filip |u 035000 |4 aut |U FEI Fakulta elektrotechniky a informatiky |T FEI Ústav informatiky a matematiky |X 104537 |U E050 |Y 816 |7 104537 | |
| 242 | 0 | 1 | |a Comparison of artificial intelligence methods for handwritten digit recognition |y eng |
| 245 | 1 | 0 | |a Porovnanie metód umelej inteligencie na rozpoznávanie rukou písaných číslic |
| 260 | |a Bratislava : |b STU v Bratislave FEI, |c 2022 | ||
| 300 | |a 88 s., príl. | ||
| 650 | 4 | |a digitalizácia historických dokumentov |2 slo | |
| 650 | 4 | |a predspracovanie obrazu |2 slo | |
| 650 | 4 | |a počítačové videnie |2 slo | |
| 650 | 4 | |a rozpoznávanie rukou písaných číslic |2 slo | |
| 650 | 4 | |a strojové učenie |2 slo | |
| 650 | 4 | |a nomenklátor |2 slo | |
| 650 | 4 | |a machine learning |2 eng | |
| 650 | 4 | |a computer vision |2 eng | |
| 650 | 4 | |a image preprocessing |2 eng | |
| 650 | 4 | |a nomenclator |2 eng | |
| 650 | 4 | |a digitization of historical documents |2 eng | |
| 650 | 4 | |a handwritten number recognition |2 eng | |
| 700 | 1 | |a Antal, Eugen |u 035000 |k Z1 |4 ths |U FEI Fakulta elektrotechniky a informatiky |T FEI Ústav informatiky a matematiky |X 36087 |U E050 |Y 816 |7 A000036087 | |
| 856 | 4 | |u https://opac.crzp.sk/?fn=detailBiblioFormChildI1BOC0&sid=85CE14C1EED0152B7937DD9735B2&seo=CRZP-detail-kniha | |